| 000 | 01144cam a22003131a 4500 | ||
|---|---|---|---|
| 001 | 2314914 | ||
| 003 | ARRUPE | ||
| 005 | 20140131135106.0 | ||
| 008 | 810722r1981 mou 000 0 eng | ||
| 010 | _a 81012201 | ||
| 020 | _a0871250667 | ||
| 040 |
_aDLC _cDLC _dDLC |
||
| 050 | 1 | 0 |
_aBX2347.8.S5 _bM56 |
| 082 | 0 | 0 |
_a259/.4 _219 |
| 245 | 0 | 4 |
_aThe Ministry of healing : _breadings in the Catholic health care ministry. |
| 260 |
_aSt. Louis, Mo. : _bCatholic Health Association of the United States, _c1981. |
||
| 300 | _ap. cm. | ||
| 500 | _aCataloging based on CIP information. | ||
| 500 | _aArticles selected from recent issues of Hospital progress. | ||
| 610 | 2 | 0 |
_aCatholic Church. _97560 |
| 650 | 0 |
_aChurch work with the sick _xCatholic Church. _97561 |
|
| 650 | 0 |
_aPastoral medicine _xCatholic Church. _97562 |
|
| 650 | 0 |
_aMedical ethics _xReligious aspects _xCatholic Church. _97563 |
|
| 650 | 0 |
_aCatholic health facilities. _97564 |
|
| 710 | 2 |
_aCatholic Health Association of the United States. _97565 |
|
| 730 | 0 |
_aHospital progress. _97566 |
|
| 906 |
_a7 _bcbc _corignew _d1 _eocip _f19 _gy-gencatlg |
||
| 942 |
_2lcc _cMONOGRAPH |
||
| 999 |
_c119839 _d119839 |
||